<?xml version="1.0" encoding="UTF-8"?>
<marc:record xmlns:marc="http://www.loc.gov/MARC21/slim">
   <marc:leader>00000nam a2200000 a 4500</marc:leader>
   <marc:datafield ind1="1" ind2=" " tag="100">
      <marc:subfield code="a">Gross, Jessica Berger</marc:subfield>
      <marc:subfield code="4">aut</marc:subfield>
      <marc:subfield code="e">Verfasser/-in</marc:subfield>
   </marc:datafield>
   <marc:datafield ind1=" " ind2=" " tag="653">
      <marc:subfield code="a">Roman</marc:subfield>
   </marc:datafield>
   <marc:datafield ind1=" " ind2=" " tag="653">
      <marc:subfield code="a">Selbstbestimmung</marc:subfield>
   </marc:datafield>
   <marc:datafield ind1="0" ind2="0" tag="245">
      <marc:subfield code="a">Hazel sagt Nein</marc:subfield>
   </marc:datafield>
   <marc:datafield ind1="0" ind2="0" tag="245">
      <marc:subfield code="b">Roman. Wenn ein Nein das Leben aller verändert. Bookclub-Fiction mit Nachhall</marc:subfield>
   </marc:datafield>
   <marc:datafield ind1=" " ind2="1" tag="264">
      <marc:subfield code="b">Lübbe</marc:subfield>
      <marc:subfield code="c">2026</marc:subfield>
   </marc:datafield>
   <marc:datafield ind1="1" ind2=" " tag="520">
      <marc:subfield code="a">In der Hoffnung auf ein ruhigeres Leben ziehen die Blums vom pulsierenden Brooklyn ins beschauliche Riverburg, wo Vater Gus nach herausfordernden Jahren endlich eine Professur ergattert hat. Doch der idyllische Schein trügt. Gleich an ihrem ersten Schultag wird die achtzehnjährige Hazel ins Büro des Direktors zitiert. Er verkündet ihr Unglaubliches: Jedes Jahr sucht er sich eine andere Schülerin aus der Abschlussklasse aus, mit der er eine sexuelle Beziehung eingeht. Dieses Jahr ist sie die Auserwählte. Instinktiv sagt Hazel Nein.</marc:subfield>
   </marc:datafield>
   <marc:datafield ind1=" " ind2=" " tag="020">
      <marc:subfield code="a">9783757701963</marc:subfield>
      <marc:subfield code="9">9783757701963</marc:subfield>
   </marc:datafield>
</marc:record>
